| 000 | 00723nam a2200205 a 4500 | ||
|---|---|---|---|
| 003 | 0 | ||
| 005 | 20250314123528.0 | ||
| 008 | 071127s19uu xx 00 eng d | ||
| 050 |
_aPGS S 633.542 _b.Sh556 2007 |
||
| 100 | _aShin, Shey He Shehana H. | ||
| 245 |
_aNitrogen content of different formulations of fertilizers / _cShey He Shehana H. Shin. |
||
| 260 |
_aLas PiƱas City, Philippines : _bSouthville International School and Colleges, _c2007. |
||
| 300 |
_a26 pages : _billustrations ; _c28 cm. |
||
| 504 | _aIncludes bibliographical references. | ||
| 650 |
_aFertilizers _vNitrogen content. |
||
| 650 | _aNitrogen fertilizers. | ||
| 650 | _aSoil fertility. | ||
| 650 | _aPlant nutrition. | ||
| 942 |
_2lcc _cPASS |
||
| 999 |
_c97768 _d97768 |
||